Statistics for Every country in the Balkans

Click here to take the quiz!

General Stats

  • This quiz has been taken 21 times
  • The average score is 10 of 11

Answer Stats

Answer% Correct
Bosnia
100%
Montenegro
100%
North Macedonia
100%
Bulgaria
95%
Croatia
95%
Kosovo
95%
Romania
95%
Slovenia
95%
Albania
90%
Greece
90%
Serbia
90%

Score Distribution

Percentile by Number Answered

Percent of People with Each Score

Your Score History

You have not taken this quiz